LIBRARY & INFORMATION CENTRE, KCAET, TAVANUR

ONLINE PUBLIC ACCESS CATALOGUE (OPAC)

The Poems of Long Fellow / (Record no. 4462)

MARC details
000 -LEADER
fixed length control field 00267cam a2200109ua 4500
082 ## - DEWEY DECIMAL CLASSIFICATION NUMBER
Classification number 821
Item number FEL/TH
100 ## - MAIN ENTRY--AUTHOR NAME
Personal name Fellow, Long .
245 ## - TITLE STATEMENT
Title The Poems of Long Fellow /
260 ## - PUBLICATION, DISTRIBUTION, ETC. (IMPRINT)
Place of publication London :
Name of publisher Oxford University Press ,
Year of publication 1961.
300 ## - PHYSICAL DESCRIPTION
Number of Pages 886 ; .
942 ## - ADDED ENTRY ELEMENTS (KOHA)
Koha item type Books
Holdings
Withdrawn status Lost status Damaged status Home library Current library Date acquired Full call number Accession Number Koha item type
Withdrawn     KAUAET Central Prison Tavanur 07/04/2012 821 5045 Books
free website counter